000 00634nam a2200205 a 4500
005 20240906063708.0
008 991125s1980 mx 000 0 spa u
035 _aUPN01000004284
049 _aF
050 4 _aLB1051
_bU5.3
110 2 _aUNICEF
_924085
245 1 0 _aApuntes sobre la aplicación de la teoría de Piaget a la educación de niños de 4 a 7 años /
_cUNICEF.
260 _aMéxico :
_bUNICEF,
_c1980.
300 _a24 h.
440 0 _aPrograma regional de estimulación temprana
500 _a"Publicación en homenaje a Jean Piaget"
650 4 _aDesarrollo infantil
_9176
905 _aLibro
999 _c4284
_d4284